Conversaciones para la Acción y Ensayos Seleccionados: Inculcando una Cultura de Compromiso en Nuestras Relaciones de Trabajo.
I tiakina i:
| Kaituhi matua: | |
|---|---|
| Ētahi atu kaituhi: | |
| Hōputu: | Tē mōhiotia |
| I whakaputaina: |
[s.l]:
[s.n.],
2012.
|
| Ngā marau: | |
| Ngā Tūtohu: |
Tāpirihia he Tūtohu
Kāore He Tūtohu, Me noho koe te mea tuatahi ki te tūtohu i tēnei pūkete!
|
MARC
| LEADER | 00000 a2200000 4500 | ||
|---|---|---|---|
| 003 | CL-VaPUC | ||
| 005 | 20250506094449.0 | ||
| 008 | 250506t2012 ||||| |||| 00| 0 eng d | ||
| 999 | |c 449198 |d 449196 | ||
| 020 | |a 9781508651888 | ||
| 040 | |c Pontificia Universidad Católica de Valparaíso | ||
| 082 | |a 331.256 FLO 2012 | ||
| 100 | |a Flores, Fernando |9 902433 |e autor | ||
| 245 | |a Conversaciones para la Acción y Ensayos Seleccionados: |b Inculcando una Cultura de Compromiso en Nuestras Relaciones de Trabajo. | ||
| 260 | |a [s.l]: |b [s.n.], |c 2012. | ||
| 300 | |a xxi, 141 páginas. | ||
| 583 | |k Cristina María Rojas Aguilar |c 20250506 | ||
| 650 | 0 | |9 893681 |a Empresas |x Creación de valor | |
| 650 | 0 | |9 335971 |a Relaciones laborales | |
| 650 | 0 | |9 893098 |a Comunicación en las organizaciones | |
| 700 | |9 902614 |a Flores Letelier, María |e editora | ||
| 942 | |n 1 |2 ddc |c BK | ||
| 952 | |0 0 |1 0 |2 ddc |4 0 |6 331_256000000000000_FLO_2012 |7 0 |8 A |9 602890 |a BIBING |b BIBING |d 2025-05-05 |e 1 |g 48286.00 |i 5667409 |o 331.256 FLO 2012 |p 5667409 |r 2025-05-05 |t 1 |v 48286.00 |w 2025-05-05 |y BK |k EII | ||